000 00458nab a2200145Ia 4500
003 ES-SlBCS
005 20210601131425.0
008 140529s2012 xxu||||| |||| 00| 0 fre d
041 _afre
100 1 _aFrançois, Arnaud
_9174930
245 0 0 _aLa maladie est-elle une réaction?
_c Arnaud François
650 0 4 _aMedicina
_914377
773 0 _tRevue Philosophique de la France et de L'etranger
_gvol. 137, nº. 3, 2012, págs. 325-340
_wRev1701
942 _cAR
999 _c562888
_d562888